Music aesthetics (Record no. 3552)

MARC details
000 -LEADER
fixed length control field 00705 a2200205 4500
010 ## - LIBRARY OF CONGRESS CONTROL NUMBER
LC control number ENG-85891
020 ## - INTERNATIONAL STANDARD BOOK NUMBER
International Standard Book Number 8131300323
Terms of availability 595.00
035 ## - SYSTEM CONTROL NUMBER
System control number EN-69424
037 ## - SOURCE OF ACQUISITION
Source of stock number/acquisition D.B.Act / Pub
082 14 - DEWEY DECIMAL CLASSIFICATION NUMBER
Classification number 781.17
090 ## - LOCALLY ASSIGNED LC-TYPE CALL NUMBER (OCLC); LOCAL CALL NUMBER (OCLC)
-- 3623
-- 3623
100 14 - MAIN ENTRY--PERSONAL NAME
Personal name Sharma, Manorama
245 1# - TITLE STATEMENT
Title Music aesthetics
Statement of responsibility, etc by Manorma Sharma
260 ## - PUBLICATION, DISTRIBUTION, ETC. (IMPRINT)
Place of publication, distribution, etc New Delhi
Name of publisher, distributor, etc APH Publishing Corporatioon
Date of publication, distribution, etc 2007
270 ## - ADDRESS
Address 5, Ansari Road, Darya Ganj
City New Delhi
Postal code 110 002
Telephone number 011- 23274050
Electronic mail address aphbooks@vsnl.net
300 ## - PHYSICAL DESCRIPTION
Extent iv, 242 p.
Other physical details 22 cm ( Hb.)
500 ## - GENERAL NOTE
General note includes bibliographical refrences and index
942 ## - ADDED ENTRY ELEMENTS (KOHA)
Institution code [OBSOLETE] dpl
Koha item type English Books
Call number prefix 781.17 / SHA
Holdings
Withdrawn status Lost status Source of classification or shelving scheme Damaged status Not for loan Collection code Home library Current library Source of acquisition Cost, normal purchase price Total Checkouts Full call number Barcode Date last seen Copy number Uniform Resource Identifier Cost, replacement price Price effective from Koha item type
    Dewey Decimal Classification   Not For Loan Non-fiction D.B.Act.Division D.B.Act.Division DBAD/PUB 595.00   781.17 SHA EN-69424 15/09/2008 1 3783 595.00 15/09/2008 English Books

© Delhi Public Library
Hit Counter
free hit counter